000 00470nam a2200169Ia 4500
003 GCL
008 140319s9999 xx 000 0 eng d
040 _aGCL /
_cGCL
082 0 4 _a616.8
_bH D
100 1 _aHARRINGTON, RICHARD
245 1 0 _aDEPRESSIVE DISORDER IN CHILDHOOD AND ADOLESCENCE /
_cHARRINGTON, RICHARD
260 _a[S.N] :
_bJOHN WILEY AND SONS. INC ،
_c1995
650 0 4 _aADOLESCENCE
650 0 4 _aPSYCHIATRY
650 0 4 _aCHILDHOOD
942 _2ddc
_cBK
999 _c23958
_d23958